LEADER 01030cam2 22002773 450 001 E600200066866 005 20170802103005.0 100 $a20101004d2010 |||||ita|0103 ba 101 $aita 102 $aIT 200 1 $aCodice civile e leggi collegate$eversione ipertestuale con sentenze per esteso. Commento giurisprudenziale sistematico 210 $aPadova$cCEDAM$d2010 215 $a1 cd-rom 225 2 $aBreviaria iuris 410 1$1001LAEC00015486$12001 $a*Breviaria iuris 461 1$1001E600200066861$12000 $aCodice civile e leggi collegate : commento giurisprudenziale sistematico 702 1$aCian, Giorgio$3AF00015905$4070 801 0$aIT$bUNISOB$c20170802$gRICA 850 $aUNISOB 852 $aUNISOB$j340|CD$m151981. 912 $aE600200066866 940 $aM 420 Risorsa elettronica locale SBN 941 $aM 957 $a340|CD$b000224$gCON$d151981.$racquisto$1catenacci$2UNISOB$3UNISOB$420101004080509.0$520170802103005.0$6bethb 996 $aCodice civile e leggi collegate$9241982 997 $aUNISOB